F1 Drivers 2016 - Statistics

General Stats
  • This quiz has been taken 84 times
  • The average score is 22 of 26
Answer Stats
Team Number Nationality Driver Notes % Correct
Mercedes 44 British Lewis Hamilton
99%
Mercedes 6 German Nico Rosberg
99%
Ferrari 5 German Sebastian Vettel
99%
Williams 77 Finnish Valtteri Bottas
97%
McLaren 14 Spanish Fernando Alonso
95%
Redbull 33 Dutch Max Verstappen
95%
Toro Rosso 33 Dutch Max Verstappen Former
95%
Williams 19 Brazilian Felipe Massa
93%
Redbull 26 Russian Daniil Kvyat Former
92%
Toro Rosso 26 Russian Daniil Kvyat
92%
Ferrari 7 Finnish Kimi Raikkonen
92%
McLaren 22 British Jensen Button
91%
Redbull 3 Australian Daniel Ricciardo
89%
Force India 11 Mexican Sergio Perez
89%
Haas 8 French Romain Grosjean
87%
Force India 27 German Nico Hulkenberg
85%
Toro Rosso 55 Spainish Carlos Sainz
84%
Renault 20 Danish Kevin Magnussen
83%
Manor 31 French Esteban Ocon
76%
Sauber 9 Swedish Marcus Ericsson
75%
McLaren 47 Belgian Stoffel Vandoorne Stand In
69%
Haas 21 Mexican Esteban Gutierrez
68%
Renault 30 British Jolyon Palmer
67%
Sauber 12 Brazilian Felipe Nasr
63%
Manor 94 German Pascal Wehrlein
51%
Manor 88 Indonesian Rio Haryanto Former
49%
No matching quizzes found
Score Distribution
Percent of People with Each Score
Percentile by Number Answered
Your Score History
You have not taken this quiz